[Event "Pelotas Gaucho op"]
[Site "Pelotas"]
[Date "2023.10.14"]
[Round "5"]
[White "Rodrigues, Henrique Carvalho"]
[Black "Pereira Junior, Fernando L Grillo"]
[Result "0-1"]
[WhiteElo "1240"]
[BlackElo "1800"]
[PlyCount "86"]
[EventDate "2023.10.12"]
[EventType "swiss"]
[EventRounds "7"]
[EventCountry "BRA"]
[SourceTitle "Mega2024 Update 01"]
[Source "Chessbase"]
[SourceDate "2023.11.12"]
[SourceVersion "1"]
[SourceVersionDate "2023.11.12"]
[SourceQuality "1"]

1. d4 Nf6 2. c4 d6 3. Bg5 Nbd7 4. Nc3 b6 5. Nf3 h6 6. Bf4 Bb7 7. e3 e6 8. h3 Be7 9. Be2 d5 10. 0-0 Nh5 11. Bh2 dxc4 12. Bxc4 c5 13. Nb5 0-0 14. Nd2 Nhf6 15. dxc5 Nxc5 16. Nb3 Nfd7 17. Nxc5 Nxc5 18. Qxd8 Rfxd8 19. b3 Bf6 20. Rad1 a6 21. Rxd8+ Rxd8 22. Na3 Rd2 23. b4 Ne4 24. Nb1 Rb2 25. f3 Nd2 26. Nxd2 Rxd2 27. a3 Bb2 28. a4 Rc2 29. Bd3 Rc3 30. Rd1 b5 31. a5 Ba3 32. Bb1 Rc1 33. Rxc1 Bxc1 34. Bd6 Bxe3+ 35. Kf1 f5 36. Ke2 Bd4 37. Ba2 Kf7 38. g3 Bd5 39. Kd3 Bf6 40. Bb1 Bxf3 41. Ke3 Bb7 42. Kf4 Bd5 43. Be5 Bg5# 0-1

[Event "Pelotas Gaucho op"]
[Site "Pelotas"]
[Date "2023.10.13"]
[Round "4"]
[White "Pires, Luiz Eduardo Dias"]
[Black "Rodrigues, Henrique Carvalho"]
[Result "1/2-1/2"]
[WhiteElo "1768"]
[BlackElo "1240"]
[PlyCount "55"]
[EventDate "2023.10.12"]
[EventType "swiss"]
[EventRounds "7"]
[EventCountry "BRA"]
[SourceTitle "Mega2024 Update 01"]
[Source "Chessbase"]
[SourceDate "2023.11.12"]
[SourceVersion "1"]
[SourceVersionDate "2023.11.12"]
[SourceQuality "1"]

1. e4 c6 2. Nf3 d5 3. e5 Bg4 4. d4 e6 5. c3 h6 6. a3 Nd7 7. Be3 b6 8. b4 b5 9. Nbd2 Ne7 10. Bd3 Bf5 11. Nf1 Bxd3 12. Qxd3 Nf5 13. Bf4 a5 14. Qb1 Nb6 15. h4 Nc4 16. N1d2 axb4 17. axb4 Rxa1 18. Qxa1 Nb6 19. g4 Ne7 20. h5 g6 21. hxg6 Nxg6 22. Bg3 Qa8 23. Qxa8+ Nxa8 24. Nb3 Kd7 25. Na5 Nb6 26. Kd2 Be7 27. Nb3 Na4 28. Kc2 1/2-1/2

[Event "Pelotas Gaucho op"]
[Site "Pelotas"]
[Date "2023.10.12"]
[Round "2"]
[White "Rodrigues, Henrique Carvalho"]
[Black "Schulte, Inacio Mascarenhas"]
[Result "1-0"]
[WhiteElo "1240"]
[BlackElo "1800"]
[PlyCount "61"]
[EventDate "2023.10.12"]
[EventType "swiss"]
[EventRounds "7"]
[EventCountry "BRA"]
[SourceTitle "Mega2024 Update 01"]
[Source "Chessbase"]
[SourceDate "2023.11.12"]
[SourceVersion "1"]
[SourceVersionDate "2023.11.12"]
[SourceQuality "1"]

1. d4 Nf6 2. c4 g6 3. Nc3 d5 4. Bg5 dxc4 5. e3 Bg7 6. Bxc4 Be6 7. Bxe6 fxe6 8. Nge2 0-0 9. h3 Nc6 10. 0-0 a6 11. Nf4 Qd6 12. d5 exd5 13. Nfxd5 Nxd5 14. Qxd5+ Qxd5 15. Nxd5 Bf6 16. Bxf6 exf6 17. Nxc7 Rac8 18. Ne6 Rfe8 19. Nc5 Ne5 20. Nxb7 Rc7 21. Nd6 Re6 22. Ne4 Rc4 23. Nd2 Rc2 24. Nf3 Nxf3+ 25. gxf3 Rxb2 26. a4 f5 27. a5 Rf6 28. Rab1 Rxb1 29. Rxb1 f4 30. e4 Re6 31. Rb6 1-0

[Event "Porto Alegre op"]
[Site "Porto Alegre"]
[Date "2023.08.27"]
[Round "4"]
[White "Rodrigues, Henrique Carvalho"]
[Black "Ribeiro, Luiz Felipe Roballo"]
[Result "0-1"]
[WhiteElo "1766"]
[BlackElo "1522"]
[PlyCount "56"]
[EventDate "2023.08.25"]
[EventType "swiss"]
[EventRounds "5"]
[EventCountry "BRA"]
[SourceTitle "EXT 2024"]
[Source "ChessBase"]
[SourceDate "2023.10.10"]
[SourceVersion "1"]
[SourceVersionDate "2023.10.10"]
[SourceQuality "1"]

1. d4 Nf6 2. c4 e6 3. Nc3 d5 4. Bg5 Nbd7 5. e3 Be7 6. g3 h6 7. Bf4 g5 8. Be5 dxc4 9. Bg2 c6 10. f4 Nxe5 11. dxe5 Qxd1+ 12. Rxd1 Nd5 13. Kf2 gxf4 14. gxf4 Bc5 15. Bxd5 exd5 16. Nge2 Bg4 17. Na4 Be7 18. a3 Bh4+ 19. Ng3 Rg8 20. Kg2 Bxd1 21. Rxd1 0-0-0 22. Kf3 Bxg3 23. hxg3 Rg6 24. f5 Rg5 25. Kf4 Rdg8 26. Rh1 Rg4+ 27. Kf3 Rxg3+ 28. Kf4 R8g4# 0-1

[Event "Porto Alegre op"]
[Site "Porto Alegre"]
[Date "2023.08.26"]
[Round "2"]
[White "Rodrigues, Henrique Carvalho"]
[Black "Machado, Jonas Roberto"]
[Result "1-0"]
[WhiteElo "1766"]
[BlackElo "1420"]
[PlyCount "113"]
[EventDate "2023.08.25"]
[EventType "swiss"]
[EventRounds "5"]
[EventCountry "BRA"]
[SourceTitle "EXT 2024"]
[Source "ChessBase"]
[SourceDate "2023.10.10"]
[SourceVersion "1"]
[SourceVersionDate "2023.10.10"]
[SourceQuality "1"]

1. d4 d5 2. c4 e6 3. Nc3 Nf6 4. Bg5 Be7 5. e3 c5 6. Nge2 Nc6 7. g3 h6 8. Bf4 dxc4 9. Bg2 0-0 10. 0-0 a6 11. Bxc6 bxc6 12. a4 cxd4 13. Nxd4 Bb7 14. Be5 Nd5 15. Qe2 Nxc3 16. bxc3 Qd5 17. Rab1 c5 18. Rxb7 Qxb7 19. Bxg7 cxd4 20. Qg4 f5 21. Qg6 Rf7 22. Bxh6+ Kh8 23. Qxf7 Rg8 24. exd4 Qd7 25. Re1 Qe8 26. Qxe6 Rg6 27. Qe5+ Kg8 28. Qd5+ Qf7 29. Qxf7+ Kxf7 30. Bf4 Rb6 31. Kg2 Ba3 32. Ra1 Bb2 33. Rb1 Rb3 34. Bd2 Ba3 35. Ra1 Bb2 36. Ra2 Bxc3 37. Bxc3 Rxc3 38. d5 Ke7 39. Kf1 Kd6 40. Rd2 Ra3 41. h4 Rxa4 42. Rd4 Ra1+ 43. Ke2 Ra4 44. h5 Rb4 45. h6 Rb8 46. Rxc4 Kxd5 47. Rh4 Ke6 48. h7 Rh8 49. Rh6+ Kf7 50. Rxa6 Kg7 51. Ra7+ Kg6 52. Kf3 Rxh7 53. Rxh7 Kxh7 54. Kf4 Kg6 55. Ke5 Kg5 56. f4+ Kg6 57. Ke6 1-0